| 000 | 00715nam a2200241 a 4500 | ||
|---|---|---|---|
| 001 | |||
| 003 | DO-SdBNP | ||
| 005 | 20211011094333.0 | ||
| 008 | 090930s1996 dr a 000 p spa d | ||
| 020 | _a8489546037 | ||
| 040 |
_aDO-SdBNP _bspa _cBPMSU |
||
| 082 |
_aRD861.44 _bA661q 1996 _222 |
||
| 100 | 1 |
_aArambilet, Luis _d1957- |
|
| 245 | 1 | 0 |
_aQuinteto : _bcinco historias de las tristes / _cLuis Arambilet. |
| 260 |
_aSanto Domingo : _bCorripio, _c1996 |
||
| 300 |
_a146 p. ; _c15 cm. _b |
||
| 500 | _aIncluye datos biográficos del autor en la contracubierta | ||
| 590 | _aInventariado, 2021/VM | ||
| 650 | 4 | _aPoesÃa dominicana | |
| 650 | 4 | _aLiteratura dominicaca | |
| 910 | _aVMateo V. | ||
| 942 |
_2ddc _cBK |
||
| 999 |
_c13781 _d13781 |
||